Little Otter's big journey / David Bedford ; illustrated by Susan Winter.
Afraid to dive into the big blue sea with his mother to look for food, Little Otter drifts further and further from shore, and everyone he meets leaves him alone when they go to find help.
Record details
- Physical Description: 1 v. (unpaged) : color illustrations ; 27 cm.
- Publisher: Intercourse, PA : Good Books, c2006.
Search for related items by subject
| Subject: | Missing children > Fiction. Fear > Fiction. Mother and child > Fiction. Marine animals > Fiction. Otters > Fiction. |
Available copies
- 1 of 1 copy available at scottsboropl.
Holds
- 0 current holds with 1 total copy.
Show Only Available Copies
| Location | Call Number / Copy Notes | Barcode | Shelving Location | Status | Due Date |
|---|---|---|---|---|---|
| scottsboropl | E Bed | 32269000764608 | Juvenile - Easy | Available | - |
| LDR | 01168cam a22003138a 4500 | ||
|---|---|---|---|
| 001 | 128911 | ||
| 003 | CONS | ||
| 005 | 20140703073304.0 | ||
| 008 | 060306s2006 pau a 000 1 eng | ||
| 010 | . | ‡a 2006005443 | |
| 024 | 8 | . | ‡z9781561485482 (hardcover) |
| 035 | . | ‡a(CPomAG)LMN498206 | |
| 042 | . | ‡alcac | |
| 050 | 0 | 0. | ‡aPZ7.B3817995 ‡bLit 2006 |
| 082 | 0 | 0. | ‡a[E] ‡222 |
| 100 | 1 | . | ‡aBedford, David, ‡d1969- |
| 245 | 1 | 0. | ‡aLittle Otter's big journey / ‡cDavid Bedford ; illustrated by Susan Winter. |
| 260 | . | ‡aIntercourse, PA : ‡bGood Books, ‡cc2006. | |
| 300 | . | ‡a1 v. (unpaged) : ‡bcolor illustrations ; ‡c27 cm. | |
| 520 | . | ‡aAfraid to dive into the big blue sea with his mother to look for food, Little Otter drifts further and further from shore, and everyone he meets leaves him alone when they go to find help. | |
| 650 | 0. | ‡aMissing children ‡vFiction. | |
| 650 | 1. | ‡aFear ‡vFiction. | |
| 650 | 1. | ‡aMother and child ‡vFiction. | |
| 650 | 1. | ‡aMarine animals ‡vFiction. | |
| 650 | 1. | ‡aOtters ‡vFiction. | |
| 700 | 1 | . | ‡aWinter, Susan. |
| 914 | . | ‡aScp_ds | |
| 959 | . | ‡i32269000764608 ‡lE Bed ‡aJuvenile - Easy ‡tEasy ‡g16.00 | |
| 852 | . | ‡p32269000764608 ‡jE Bed ‡gJuvenile - Easy ‡cEasy ‡y16.00 ‡bSBPL | |
| 901 | . | ‡a128911 ‡bUnknown ‡c128911 ‡tbiblio | |